| 000 | 00429nam a22001577a 4500 | ||
|---|---|---|---|
| 005 | 20250411112924.0 | ||
| 008 | 250411b |||||||| |||| 00| 0 eng d | ||
| 020 | _a9789966805362 | ||
| 050 |
_aBR1360 _b.K86 KUN |
||
| 100 | _aKunhiyop Samuel Waje | ||
| 245 |
_aAfrican Christian Ethics _cSamuel Waje Kunhiyop |
||
| 260 |
_aMichigan _bHippo Books _c2008 |
||
| 300 |
_axvi. 400p. _c23 cm |
||
| 650 | _2Theology | ||
| 942 |
_2lcc _cBK _n0 |
||
| 999 |
_c5406 _d5406 |
||